000 00539nam a2200169 i 4500
001 59511
003 ES-MaACL
005 20230906164038.0
007 t|
008 031029s1935 sp ||||1| spa d
100 1 _aEnsor, R. C. K.
_947302
245 1 0 _aJueces y tribunales en Inglaterra, Francia y Alemania /
_cR.C.K. Ensor ; traducción de Emilio Gómez Orbaneja.
260 _aMadrid :
_b[s.n.],
_c1935 (
_fGalo Sèz)
300 _a174 p. ;
_c20 cm.
700 1 _aGómez Orbaneja, Emilio.
_958088
852 _aES-MaACL
_jA-5325
_bR.18320
999 _c59511
_d59511